000 00767nam a2200241 a 4500
001 14127
003 BD-JhCC
005 20241230091259.0
008 241212b2022 b |||| ||a| 000 0 b d
020 _a9789848004203
035 _a(BD-JhCC)14127
040 _aBD-JhCC
_dBD-JhCC
041 _abengali
082 _a158
_bMEU 2022
100 _a ‍মিউরিস,থিবাউট
245 _aডোপামিন ডিটক্স /
_cথিবাউট ‍মিউরিস,অনু:সাইদুর রহমান ।
260 _aঢাকা:
_bঅনুভুতি;
_c2022.
300 _a60 p. :
_c21 cm.
650 _aSelf-development and meditation.
700 _aরহমান,সাইদুর
942 _2ddc
_cBK
999 _c14127
_d14127